000 00373 a2200109 4500
001 ART_38985
005 20260410161804.0
008 260409a
245 1 0 _aConsorcios de cooperación entre asociaciones civiles, ¿sí o no?
100 1 _aMonteleone Lanfranco, Alejandro P.
773 0 _tDoctrina Societaria y Concursal
_g- Nº 325 (dic. 2014)
_wREV4298
999 _c20834
_d20834